| 000 | 00859nac a22002171u 4500 | ||
|---|---|---|---|
| 010 | _a 83026514 | ||
| 020 | _a0313225656 (lib. bdg.) | ||
| 082 | 0 | 0 |
_a327.1720922 _bMOD |
| 090 |
_c9972 _d9972 |
||
| 100 | _a20080729 | ||
| 245 | 0 | 0 |
_aBiographical dictionary of modern peace leaders / _ceditor-in-chief, Harold Josephson ; associate editors, Sandi E. Cooper, Solomon Wank, Lawrence S. Wittner ; regional editors, Donald S. Birn ... [et al.]. |
| 260 |
_aWestport, Conn. : _bGreenwood Press,1985 _c1985. |
||
| 300 |
_axxvii, 1133 p. ; _c25 cm. |
||
| 500 | _aDonations | ||
| 500 | _aDonations:AUC | ||
| 504 | _aIncludes bibliographies and index. | ||
| 511 | _acatalogued by: wessam | ||
| 650 | 0 |
_aPacifists _xBiography _xDictionaries. |
|
| 700 | 1 |
_aJosephson, Harold, _d1942- |
|
| 942 |
_cNB _k327.1720922MOD |
||
| 999 |
_c9972 _d9972 |
||